000 01706nam a2200541 i 4500
001 53924
003 KOSZ 005
005 20220112151437.0
008 050207s2006 pl a f f |001 0 pol
015 _aUWD 2007/2863
020 _a8324603204
035 _a991032946179705066
035 _a(PL-WaBN)b18831461-48omnis_nlop
035 _ab18831461
035 _a(OCoLC)831168757
035 _a(PL)b0000001883146
035 _a(EXLNZ-48OMNIS_NETWORK)9910479147605606
040 _aWA N
_cWA N
_dKOSZ 005/HR
041 1 _apol
_heng
046 _k2006
080 _a004.438
080 _a004.7
080 _a(07)
100 1 _aPerry, Stephen C.
_eAutor
245 1 0 _aC# i .NET /
_cStephen C. Perry ; [tł. Mikołaj Szczepaniak, Tomasz Walczak].
246 1 _iTyt. oryg.:
_aCore C# and .NET,
_f2006
260 _aGliwice :
_bWydawnictwo Helion,
_ccop. 2006.
300 _a911 s. :
_bil. ;
_c25 cm.
336 _aTekst
_btxt
_2rdacontent
337 _aBez urządzenia pośredniczącego
_bn
_2rdamedia
338 _aWolumin
_bnc
_2rdacarrier
380 _aKsiążki
380 _aPublikacje fachowe
388 _a2001-
490 1 _aCore
504 _aIndeks.
650 7 _a.NET
_2DBN
650 7 _aC# (język programowania)
_2DBN
655 7 _aPodręcznik
_2DBN
658 _aInformatyka i technologie informacyjne
700 1 _aSzczepaniak, Mikołaj
_eTłumaczenie
700 1 _aWalczak, Tomasz
_eTłumaczenie
710 2 _aHelion
_4pbl
830 0 _aCore
856 _uhttp://koha.tu.koszalin.pl/cgi-bin/koha/opac-detail.pl?biblionumber=53924
_yKatalog online BPK
942 _2UKD
_cKS
999 _c53924
_d53924